Symphony No. 9 in D minor "Choral", Op. 125

Hlavní autor: Beethoven, Ludwig van, 1770-1827
Korporativní autor: Český pěvecký sbor
Další autoři: Gjevang, Anne, 1948-, Korn, Artur, 1937-, Mátl, Lubomír, 1941-2020, Neumann, Günter, 1938-, Neumann, Václav, 1920-1995, Beňačková-Čápová, Gabriela, 1947-, Česká filharmonie
Jazyk: Angličtina
Vydáno: Praha : Supraphon, p1990, 1999
Témata:
Fyzický popis: 1 CD : DDD, stereo ; 12 cm + 1 brožura (4 s.).
Zvukové nahrávky
Uloženo v:
LEADER 01658njm a2200373 a 4500
001 000452168
003 CZ BrMZK
005 20150318110828.0
008 010907s1999 xr f eng d
028 0 3 |a SU 3457-2 031  |b Supraphon 
040 |a BOA001  |b cze 
080 |a 78.082.1"18"(086.7)  |2 MRF 
100 1 |a Beethoven, Ludwig van,  |d 1770-1827  |7 jn19990000607  |4 cmp 
245 1 0 |a Symphony No. 9 in D minor "Choral", Op. 125  |h [zvukový záznam] /  |c Ludwig van Beethoven. : (legendary Velvet Revolution concert) 
260 |a Praha :  |b Supraphon,  |c p1990, 1999 
300 |a 1 CD :  |b DDD, stereo ;  |c 12 cm +  |e 1 brožura (4 s.). 
306 |a 011014 
500 |a Text v brož. vícejaz. 
500 |a Nahr. 1989 
500 |a Durata 70:14 
511 0 |a Gabriela Beňačková, soprán; Anna Gjevang, contraalt; Günther Neumann, tenor ... [et al.]. Česká filharmonie, dir. Václav Neumann; Český filharmonický sbor, sbm. Lubomír Mátl. 
653 0 |a symfonický orchestr  |a symfonie 
700 1 |a Gjevang, Anne,  |d 1948-  |7 mzk2006343254  |4 prf 
700 1 |a Korn, Artur,  |d 1937-  |7 xx0123780  |4 prf 
700 1 |a Mátl, Lubomír,  |d 1941-2020  |7 jn19990209537  |4 cnd 
700 1 |a Neumann, Günter,  |d 1938-  |7 mzk2015863873  |4 prf 
700 1 |a Neumann, Václav,  |d 1920-1995  |7 jn19990209586  |4 cnd 
700 1 |a Beňačková-Čápová, Gabriela,  |d 1947-  |7 jn99240000074  |4 prf 
710 2 |a Český pěvecký sbor  |7 mzk2004214196 
710 2 |a Česká filharmonie  |7 kn20010710169  |4 prf 
910 |a BOA001  |b CD-0007.882 
964 |a Symfonie  |z stol.19.  |x CD 
990 |a AV 
996 6 |b 261H008453  |c CD-0007.882  |l MZK  |r Sklad / do 24 hodin  |n 0  |p p.v.  |w 000452168  |u 000010  |a 1  |e BOA001  |j MZK50  |s P